Catálogo
 En Linea

Compa nicaragua : (Registro nro. 23132)

Detalles MARC
000 -CABECERA
campo de control de longitud fija 00482nam a2200157 a 4500
001 - NÚMERO DE CONTROL
campo de control 000023636
005 - FECHA Y HORA DE LA ÚLTIMA TRANSACCIÓN
campo de control 20200930022351.0
008 - DATOS DE LONGITUD FIJA--INFORMACIÓN GENERAL
campo de control de longitud fija 101216s1970 nq a r 000 0 spa d
040 ## - FUENTE DE LA CATALOGACIÓN
Centro catalogador/agencia de origen DO-SdBNP
Lengua de catalogación spa
Centro/agencia transcriptor BNPHU
082 ## - NÚMERO DE LA CLASIFICACIÓN DECIMAL DEWEY
Número de clasificación xxxxx
Número de documento/Ítem R585c
049 ## - FONDOS LOCALES (OCLC)
Fondos de biblioteca BNGR
100 0# - ENTRADA PRINCIPAL--NOMBRE DE PERSONA
Nombre de persona Ruis,
Forma completa/desarrollada del nombre Eduardo del Río,
Fechas asociadas al nombre 1939-
9 (RLIN) 48707
245 10 - MENCIÓN DE TÍTULO
Título Compa nicaragua :
Resto del título las heróicas mujeres de nicaragua /
Mención de responsabilidad, etc. Eduardo del Río (Ruis).
260 ## - PUBLICACIÓN, DISTRIBUCIÓN, ETC.
Lugar de publicación, distribución, etc. Nicaragua :
Nombre del editor, distribuidor, etc. Educa,
Fecha de publicación, distribución, etc. 1970.
300 ## - DESCRIPCIÓN FÍSICA
Extensión 143 p. :
Otras características físicas il. ;
Dimensiones 21 cm.
Existencias
Estado de retiro Estado de pérdida Restricciones de uso No para préstamo Código de colección Localización permanente Ubicación/localización actual Ubicación en estantería Fecha de adquisición Número de inventario Total de préstamos Signatura topográfica completa Código de barras Fecha visto por última vez Precio válido a partir de Tipo de ítem Koha
        Monografías: Libros y Folletos General General En catalogación 16.12.2010 LF1   xxxxx R585c 23636-10 25.06.2020 25.06.2020 Préstamo en sala

Con tecnología Koha